FAO fisheries technical paper N366 Aquaculture feed and fertilizer resource atlas of the Philippines

সংরক্ষণ করুন:
গ্রন্থ-পঞ্জীর বিবরন
প্রধান লেখক: Philip S Cruz
বিন্যাস: গ্রন্থ
ভাষা:Undetermined
প্রকাশিত: Rome FAO 1997
বিষয়গুলি:
ট্যাগগুলো: ট্যাগ যুক্ত করুন
কোনো ট্যাগ নেই, প্রথমজন হিসাবে ট্যাগ করুন!
Thư viện lưu trữ: Trung tâm Học liệu Trường Đại học Cần Thơ
LEADER 00594nam a2200193Ia 4500
001 CTU_22957
008 210402s9999 xx 000 0 und d
082 |a 639 
082 |b F533/N366 
100 |a Philip S Cruz 
245 0 |a FAO fisheries technical paper N366 
245 0 |b Aquaculture feed and fertilizer resource atlas of the Philippines 
245 0 |c Philip S Cruz, FAO 
260 |a Rome 
260 |b FAO 
260 |c 1997 
650 |a fisheries,fishes - feeding and feeds 
904 |i Nguyễn Quang Điền, 980709 
980 |a Trung tâm Học liệu Trường Đại học Cần Thơ